000 01043nam a2200301 i 4500
003 DO-SdBNP
005 20250221132115.0
007 ta
008 250221t2021 dr ao 001 0aspa d
020 _z9789945410402
040 _aDO-SdBNP
_bspa
_cBNPHU
_erda
082 _a327.7293092
_bR896m
_222
100 1 _aRubirosa, Porfirio,
_d1909-1965
_97030
_eautor
_4aut.
245 1 0 _aMis memorias /
_cPorfirio Rubirosa.
264 _aSanto Domingo :
_bLetra Gráfica,
_c2021.
300 _a165 páginas
_bilustraciones, fotografías
_c23 cm.
336 _atexto
_btxt
_2rdacontent
337 _asin mediación
_bn
_2rdamedia
338 _avolumen
_bnc
_2rdacarrier
500 _aIncluye datos biográficos del autor en la contracubierta.
590 _aInventariado, 2025/ YL
600 1 4 _aRUBIROSA, PORFIRIO,
_d1909-1965
_97030
650 4 _aDiplomáticos dominicanos
_xBiografías
_934346
650 4 _aCelebridades
_xBiografías
_97033
650 4 _aCelebridades
_xCorrespondencia, memorias, etc
_938620
910 _aYLockward
942 _2ddc
_cLBS1
999 _c58177
_d58177